Statystyki dla Modele BMW

Kliknij tutaj aby rozwiązać quiz!

Ogólne statystyki

  • Ten quiz został rozwiązany 88 razy
  • Średni wynik to 8 z 15

Statystyki odpowiedzi

HintOdpowiedź% Poprawnych
seria 3E36
94%
seria 5E60
83%
seria 3E30
81%
seria 5E39
77%
seria 3E90
77%
seria 7E38
63%
seria 5E34
58%
seria 3E92
55%
seria 7E32
50%
seria 3E91
45%
seria 5E61
37%
seria 1E87
31%
modele X6F16
10%
seria 4G82
8%
seria 3G81
6%

Rozkład punktacji

Percentyl według liczby udzielonych odpowiedzi

Procent ludzi z każdym wynikiem

Twoja historia wyników

Nie rozwiązałeś tego quizu